| 000 | 01272cad a22001935a 4500 | ||
|---|---|---|---|
| 001 | L150117 | ||
| 008 | 100604s2010 xxk 000 0 eng d | ||
| 035 | _a(Sirsi) u150117 | ||
| 110 | 2 |
_aInfrastructure Planning Commission _95799 |
|
| 245 | 0 | 0 |
_aMessage from the Chair about the future of the Infrastructure Planning Commission _h[electronic resource] |
| 260 | _c2010 | ||
| 490 | _aInfrastructure Planning Commission News Release | ||
| 520 | _aNew government is to bring forward legislation next year to replace the Infrastructure Planning Commission (IPC) to put decision making on a more democratic footing. New legislation is provisionally due to be introduced around the end of 2010 and if passed will become law in 2011. A Major Infrastructure Unit is proposed as part of a revised Communities and Local Government structure including the planning inspectorate. Confirms that the IPC will continue its existing duties and the changes will not delay any planning applications. | ||
| 590 | _aKA NTK | ||
| 651 | 4 |
_aUnited Kingdom _y |
|
| 690 | _aENVIRONMENTAL AND LAND CONSULTANCY-PLANNING AND DEVELOPMENT | ||
| 856 | 4 | 0 |
_uhttps://infrastructure.independent.gov.uk/?page_id=8 _zView the website free of charge at www.infrastructure.communities.gov.uk... |
| 942 | _n0 | ||
| 999 |
_c82403 _d82403 |
||